Представление документа в формате RUSMARC

ПолеНазваниеЗначение
  Тип записи i
  Библиографический уровень m
001 Контрольный номер RU/IS/BASE/490719236
005 Дата корректировки 20260129161128.3
010 Индекс ISBN __
a ISBN 978-5-9677-1899-1 (в кор.)
d Цена 204-75
100 Данные общей обработки __
a Данные общей обработки 19150720d2013||||||| 0rusy0189 ca
101 Язык документа 0_
a Язык текста rus
102 Страна публикации __
a Страна публикации ru|
105 Кодированные данные (монография) __
a Кодированные данные (монография) nn|||||||z|zy
127 Кодированные данные (звукозаписи-физические характеристики) __
a Продолжительность проигрывания 10 ч 00 мин
200 Заглавие и сведения об ответственности 1_
a Заглавие Черная стрела
e Сведения, относящиеся к заглавию [аудиокнига : 12+]
f Первые сведения об ответственности Роберт Льюис Стивенсон ; [читает Аркадий Бухмин]
b Общее обозначение материала Звукозапись
210 Выходные данные __
a Место издания Москва
c Издательство 1С-Паблишинг
c Издательство Агентство
d Дата издания 2013
215 Физическое описание __
a Объем 1 электрон. опт. диск (Audio CD)
c Иллюстрации/тип воспроизводства mp3, stereo
d Формат 12х14 см
225 Серия __
a Серия 1С: Аудиокниги
225 Серия __
a Серия Зарубежная классика
230 Специфическая характеристика материала: электронные ресурсы __
a Обозначение и объем ресурса Электронные звуковые данные
323 Примечание о главных создателях, исполнителях, участниках __
a Примечание о главных создателях, исполнителях, участниках Бухмин, А.
330 Аннотация __
a Аннотация Это произведение - яркий образец историко-приключенческого романа XIX века. Книгой об отважном Дике Шелтоне зачитывалось не одно поколение молодых. Не устарел роман и сегодня. История героя развивается в русле событий братоубийственной войны в Англии второй половины XV столетия. Юный Ричард Шелтон, спасаясь от своего покровителя, которого обвиняет в смерти отца, бежит из дома и присоединяется к разбойникам. Попутно он влюбляется в Джоанну Сэдли, которая тоже вынуждена скитаться, переодевшись в мужское платье... Много трудностей ждет влюбленных на пути к счастью и благополучию. Погрузитесь в мир средневековых интриг и загадок, пуститесь в рискованные приключения времен войны Алой и Белой розы!
333 Примечание о целевом назначении __
a Примечание о целевом назначении 12+. Для детей старше 12 лет
337 Примечание о системных требованиях (электронные ресурсы) __
a Примечание о системных требованиях (электронные ресурсы) Системные требования: ПК: MS Windows 95/98/2000/XP/Vista/7 ; Pentium 100 ; RAM 16Mb ; монитор SVGA, 800x600 ; CD/DVD-ROM ; звуковая карта ; колонки или наушники ; мышь или аудиосистемы с поддержкой формата МР3: муз. центр ; CD/DVD-плеер и т.д.
606 Тематические рубрики __
a Основная рубрика Художественная литература
606 Тематические рубрики __
a Основная рубрика Литература Европы (произведения)
606 Тематические рубрики __
y Географическая подрубрика Англия
606 Тематические рубрики __
y Географическая подрубрика Великобритания
610 Ключевые слова __
a Ключевые слова английская литература
a Ключевые слова зарубежная литература
a Ключевые слова иностранная литература
a Ключевые слова подростковая литература
a Ключевые слова приключенческие романы
a Ключевые слова романы
a Ключевые слова тема дружбы
a Ключевые слова тема опасности
a Ключевые слова тема приключений
a Ключевые слова шотландская литература
686 Индексы других классификаций __
2 Код системы rubbks
a Классификационный индекс 84(4Вел)52-4я04; ст84(4Вел)-4я0
700 Автор _1
a Фамилия Стивенсон
b Имя Р. Л.
f Даты 1850-1894
g Полное личное имя Роберт Льюис
4 Код отношения 070
801 Источник записи _0
a Страна ru
b Организация Муниципальное бюджетное учреждение культуры "Централизованная библиотечная система" г. Сургут (Центральная городская библиотека им. А. С. Пушкина)
c Дата составления 20150720
g Правила каталогизации КиК/Коробейникова
801 Источник записи _1
a Страна ru
b Организация Муниципальное бюджетное учреждение культуры "Централизованная библиотечная система" г. Сургут (Центральная городская библиотека им. А. С. Пушкина)
c Дата составления 20150720
g Правила каталогизации КиК/Коробейникова
852 Данные о местонахождении __
j Шифр хранения 84(4Вел)52-4я04
i Авторский знак С 80
901 Тип документа __
t Тип документа 0
903 Характеристики (МАРС) __
a Дата передачи 20150720
969 Тип издания __
a Тип издания аудиокнига; издание для слепых
990 Данные о заказе (DOS) __
j Количество экземпляров (DOS) 4
t N записи в КСУ для И/У (DOS) 201507